000 00399nam a22001457a 4500
999 _c8490
_d8491
008 200716b ||||| |||| 00| 0 eng d
082 _a951.05 MIL
100 _a Miller, Arthur
245 _aChinese encounters
260 _bShinozaki Shorin,
_c1978.
300 _aiv, 109 p.
_c21 cm.
650 _aChina--Description and travel. China--Intellectual life.
700 _aMorath, Inge.
942 _2ddc